Visappu pranayam unmadam/ (Record no. 181795)

000 -LEADER
fixed length control field 00464nam a22001817a 4500
020 ## - INTERNATIONAL STANDARD BOOK NUMBER
ISBN 9789359626895
082 ## - DEWEY DECIMAL CLASSIFICATION NUMBER
Classification number M803
Item number MUH/V
100 ## - MAIN ENTRY--AUTHOR NAME
Personal name Muhammad Abbas
245 ## - TITLE STATEMENT
Title Visappu pranayam unmadam/
Statement of responsibility, etc by Muhammad Abbas
250 ## - EDITION STATEMENT
Edition statement 13th ed.
260 ## - PUBLICATION, DISTRIBUTION, ETC. (IMPRINT)
Place of publication Kozhikode:
Name of publisher Mathrubhumi Books,
Year of publication 2025.
300 ## - PHYSICAL DESCRIPTION
Number of Pages 191p.
650 ## - SUBJECT ADDED ENTRY--TOPICAL TERM
Topical Term Memoirs Muhammad Abbas
650 ## - SUBJECT ADDED ENTRY--TOPICAL TERM
Topical Term Memoirs Malayalam
650 ## - SUBJECT ADDED ENTRY--TOPICAL TERM
Topical Term Literature Malayalam
650 ## - SUBJECT ADDED ENTRY--TOPICAL TERM
Topical Term Literature
942 ## - ADDED ENTRY ELEMENTS (KOHA)
Koha item type Book
Holdings
Withdrawn status Lost status Damaged status Not for loan Permanent Location Current Location Shelving location Date acquired Cost, normal purchase price Full call number Accession Number Price effective from Koha item type
        Sree Sankaracharya University of Sanskrit Sree Sankaracharya University of Sanskrit Stacks 25.05.2026 270.00 M803 MUH/V 108925 25.05.2026 Book